Vista normal
Vista MARC
Entrada Personal Name
Número de registros utilizados en: 1
001 - CONTROL NUMBER
- control field: 36970
003 - CONTROL NUMBER IDENTIFIER
- control field: OSt
005 - DATE AND TIME OF LATEST TRANSACTION
- control field: 20210419122456.0
008 - FIXED-LENGTH DATA ELEMENTS
- fixed length control field: 210419|| aca||aabn | a|a d
040 ## - CATALOGING SOURCE
- Original cataloging agency: OSt
- Transcribing agency: OSt
100 ## - HEADING--PERSONAL NAME
- Personal name: Fellner, William
670 ## - SOURCE DATA FOUND
- Source citation: Work cat.: (OSt)7571: Ricardo, David, 14816 autor, The principles of political economy and taxation / , 1963